Faculty of Law Library — Cairo University

Official Online Catalog

إعداد الموظفين وتدريبهم في لبنان / (Record no. 41826)

MARC details
000 -LEADER
fixed length control field 01415nam a2200361 i 4500
003 - CONTROL NUMBER IDENTIFIER
control field EG-GICUC
005 - DATE AND TIME OF LATEST TRANSACTION
control field 20260121101158.0
008 - FIXED-LENGTH DATA ELEMENTS--GENERAL INFORMATION
fixed length control field 251109s1971 ua ||||fr|||| 00| 0 ara d
040 ## - CATALOGING SOURCE
Original cataloging agency EG-GICUC
Transcribing agency EG-GICUC
Modifying agency EG-GICUC
Description conventions rda
Language of cataloging ara
041 ## - LANGUAGE CODE
Language code of text/sound track or separate title ara
082 04 - DEWEY DECIMAL CLASSIFICATION NUMBER
Edition number 21
Classification number 345.20566
Item number أ ن . إ
092 04 - LOCALLY ASSIGNED DEWEY CALL NUMBER (OCLC)
Edition number 21
099 ## - LOCAL FREE-TEXT CALL NUMBER (OCLC)
Classification number Law1 07 345.20566 أ ن . إ 1971
100 0# - MAIN ENTRY--PERSONAL NAME
Personal name أنطوان مشعلاني
Relator term مؤلف.
245 10 - TITLE STATEMENT
Title إعداد الموظفين وتدريبهم في لبنان /
Statement of responsibility, etc. إعداد أنطوان مشعلاني، حسن حلبي.
264 #1 - PRODUCTION, PUBLICATION, DISTRIBUTION, MANUFACTURE, AND COPYRIGHT NOTICE
Place of production, publication, distribution, manufacture القاهرة :
Name of producer, publisher, distributor, manufacturer جامعة الدول العربية-المنظمة العربية للعلوم الإدارية، مركز البحوث الإدارية،
Date of production, publication, distribution, manufacture, or copyright notice 1971.
300 ## - PHYSICAL DESCRIPTION
Extent 63 صفحة ؛
Dimensions 24 سم.
336 ## - CONTENT TYPE
Source rda content
Content type term text
337 ## - MEDIA TYPE
Source rda media
Media type term Computer
338 ## - CARRIER TYPE
Source rda carrier
Carrier type term Online Resource
490 ## - SERIES STATEMENT
Volume/sequential designation 92
500 ## - GENERAL NOTE
General note يشتمل على مجموعة من المستندات
546 ## - LANGUAGE NOTE
Language note النص باللغة العربية
650 14 - SUBJECT ADDED ENTRY--TOPICAL TERM
Source of heading or term qrmak
Topical term or geographic name entry element القانون الإداري
650 14 - SUBJECT ADDED ENTRY--TOPICAL TERM
Source of heading or term qrmak
Topical term or geographic name entry element الموظفون
General subdivision تدريب
650 14 - SUBJECT ADDED ENTRY--TOPICAL TERM
Source of heading or term qrmak
Topical term or geographic name entry element الموظفون
General subdivision إختيار
651 14 - SUBJECT ADDED ENTRY--GEOGRAPHIC NAME
Geographic name لبنان
700 ## - ADDED ENTRY--PERSONAL NAME
Personal name حسن حلبي
Relator term مؤلف مشارك.
830 ## - SERIES ADDED ENTRY--UNIFORM TITLE
Authority record control number or standard number
856 40 - ELECTRONIC LOCATION AND ACCESS
Uniform Resource Identifier <a href="https://fll.law.cu.edu.eg/fulltext/bks/B07-00131.pdf">https://fll.law.cu.edu.eg/fulltext/bks/B07-00131.pdf</a>
905 ## - Cataloger and Reviser Names
Cataloger Name:
Revisor Name: Eman
942 ## - ADDED ENTRY ELEMENTS (KOHA)
Source of classification or shelving scheme Dewey Decimal Classification
Suppress in OPAC No
Koha item type Books
Edition 21
Holdings
Withdrawn status Lost status Source of classification or shelving scheme Damaged status Not for loan Collection Home library Current library Date acquired Total checkouts Full call number Barcode Date last seen Copy number Price effective from Koha item type
    Dewey Decimal Classification   Not for loan القانون الإداري جــــامعة القــاهرة مكتبة كلية الحقوق - المبنى الرئيسي 09.11.2025   Law1 07 345.20566 أ ن . إ 1971 0700131 C1 B07-00131 09.11.2025 1 09.11.2025 Books
    Dewey Decimal Classification     القانون الإداري جــــامعة القــاهرة مكتبة كلية الحقوق - المبنى الرئيسي 18.11.2025   Law1 07 345.20566 أ ن . إ 1971 0700098 C2 B07-00098 18.11.2025 2 18.11.2025 Books

© All rights reserved — Faculty of Law, Cairo University